| 000 | 00525nam a22001817a 4500 | ||
|---|---|---|---|
| 999 |
_c196758 _d196758 |
||
| 005 | 20230801124515.0 | ||
| 010 | _aENG-137580 | ||
| 020 |
_c120.00 _a9789380657011 |
||
| 035 | _aEN-121112 | ||
| 037 | _aDBAD/PUB | ||
| 082 | _a658.986 | ||
| 100 | _aMenaka, R. | ||
| 245 |
_aOrganisational Development/ _cby R.Menaka _hENG |
||
| 260 |
_aMadurai _bShanlax Computers _c2009 |
||
| 270 | _a61, T.P.K. Main Road, Vasantha Nagar, Madurai-625003 | ||
| 300 |
_a224p. _c20cm(pbk) |
||
| 942 |
_2ddc _cEN _h658.986 _mMEN |
||